تحميل...

Kerala

التفاصيل البيبلوغرافية
المؤلف الرئيسي: Krishna chaithanya
التنسيق: Printed Book
منشور في: Newdelhi National book trust 1972
LEADER 00473nam a22001577a 4500
003 OSt
020 |a 81-237-0751-7 
082 |a 954.83  |b KRI/KE 
100 |a Krishna chaithanya 
245 |a Kerala 
260 |a Newdelhi  |b National book trust   |c 1972 
300 |a 206 
546 |a English 
942 |2 ddc  |c REF 
999 |c 155443  |d 155443 
952 |0 0  |1 0  |2 ddc  |4 0  |6 954_830000000000000_KRIKE  |7 1  |9 154495  |a KAUCLV  |b KAUCLV  |c REF  |d 2017-04-29  |g 38.00  |o 954.83 KRI/KE  |p 807699  |r 2017-04-29  |w 2017-04-29  |y REF